Statistiche per Paesi più Grandi di 1.000.000 di Km2

Clicka qui per fare il quiz!

Statistiche generali

  • Questo quiz è stato fatto 75 volte
  • Il punteggio medio è 26 su 29

Statistiche sulle risposte

SuperficiePaese% Corretto
7,741,220Australia
100%
8,514,877Brasile
100%
9,596,961Cina
100%
17,098,242Russia
100%
9,826,675Stati Uniti
100%
2,780,400Argentina
98%
9,984,670Canada
98%
3,287,263India
98%
1,964,375Messico
98%
2,381,741Algeria
96%
1,267,000Niger
94%
2,344,858Rep. Dem. del Congo
94%
1,001,450Egitto
92%
1,904,569Indonesia
92%
2,724,900Kazakistan
92%
1,759,540Libia
92%
1,219,090Sudafrica
92%
1,138,910Colombia
90%
1,861,484Sudan
90%
2,149,690Arabia Saudita
88%
1,284,000Ciad
88%
1,104,300Etiopia
88%
1,285,216Perù
88%
1,648,195Iran
86%
1,240,192Mali
86%
1,564,116Mongolia
86%
1,246,700Angola
76%
1,030,700Mauritania
76%
1,098,581Bolivia
69%

Distribuzione punteggi

Percentile per numero di risposta

Percentuale di utenti per punteggio

I tuoi punteggi nel tempo

Non hai fatto questo quiz